| 000 | 00725nam a2200217 ar4500 | ||
|---|---|---|---|
| 001 | 3537 | ||
| 005 | 20221127090752.0 | ||
| 008 | 130929s xxu 0001f|eng d | ||
| 020 | _a9780143116097(pbk) | ||
| 082 | 0 | 4 |
_a839.74 _bEd98 2009 |
| 100 | 1 | _aEdwardson, Ake. | |
| 245 | 1 | 0 |
_aDeath angels : _ban inspector Erik Winter novel / _cA. Edwardson ; translated from the Swedish by Ken Schubert. |
| 250 | _a1st ed. | ||
| 260 |
_aNew York : _bPenguin, _c2009. |
||
| 300 |
_a297 p. ; _c22 cm. |
||
| 650 | 4 |
_aSwedish fiction _xTranslations into English. |
|
| 650 | 4 |
_aSwedish literature _x20th century. |
|
| 650 | 4 |
_aEnglish fiction _xForeign countries. |
|
| 650 | 4 | _aDetective and mystery stories. | |
| 700 | 0 |
_aSchubert, Ken, _etr. |
|
| 999 |
_c3535 _d3535 |
||